00479nam a2200193Ia 4500008004100000020001400041050001400055100002000069245002100089245005400110260001500164260001600179260000900195300001500204300002700219300001000246440002100256500000800277170918s9999 xx 000 0 und d a590425048 bH388 1986 aHavill, Juanita aJamaica's find / cJuanita Havill ; illustrations by Sibley O'Brien. aNew York : bScholastic, c1986 a32 pages : bcolored illustration ; c21cm. aReading rainbow. a460